Missing Word: Will Ferrell (A-Z) Quiz Stats

 Plays Quiz Updated Jun 25, 2012

     
Support Sporcle.
Go Orange.
Score 0/20 Timer 03:00
2 Plays Today
Movie Word % Correct
Daddy's _____Home
94.6%
_____ of GloryBlades
93.4%
_____ & ScreamingKicking
91.2%
_____: The Legend of Ron BurgundyAnchorman
90.3%
A _____ At the RoxburyNight
89.1%
_____ of the LostLand
87.4%
Stranger Than _____Fiction
83.4%
Talladega Nights: The Ballad of _____ BobbyRicky
82.4%
Austin Powers: _____ Man of MysteryInternational
80.9%
_____ BrothersStep
80.4%
Movie Word % Correct
_____ SchoolOld
78.1%
The Ladies _____Man
76.2%
_____ GeorgeCurious
71%
_____ Must GoEverything
70.7%
The Other _____Guys
69%
_____ and Silent Bob Strike BackJay
68.9%
The ____ Pink LineThin
65%
_____ MonaDrowning
10.6%
The _____ Baker StoryWendell
6.6%
Winter _____Passing
3.8%

Today's Daily Dose

Missing Word
Brands of Alcohol

Word Ladder
A Little Room?

Get the Picture
SpongeBob Rivalry

From the Vault

The 3rd Thing You Need To Know: Novels

by MrWhiplash

Everyone already knows the first and second things. So you should already be with the program.
Remove Ads.
Support Sporcle.
Get the best of Sporcle when you Go Orange. This ad-free experience offers more features, more stats, and more fun while also helping to support Sporcle. Thank you for becoming a member.

Show Comments

Extras

Top Quizzes Today


Score Distribution

Your Account Isn't Verified!

In order to create a playlist on Sporcle, you need to verify the email address you used during registration. Go to your Sporcle Settings to finish the process.

Report this User

Report this user for behavior that violates our Community Guidelines.

Details: